[Event "Crema op 11th"]
[Site "Crema"]
[Date "2009.09.06"]
[Round "5"]
[White "Delle Fave, Fabio"]
[Black "Cappa, Enrico"]
[Result "0-1"]
[WhiteElo "1774"]
[BlackElo "1529"]
[PlyCount "116"]
[EventDate "2009.09.04"]
[EventType "swiss"]
[EventRounds "6"]
[EventCountry "ITA"]
[SourceTitle "EXT 2011"]
[Source "ChessBase"]
[SourceDate "2010.11.26"]
[SourceVersion "1"]
[SourceVersionDate "2010.11.26"]
[SourceQuality "1"]

1. e4 e5 2. Nf3 Nf6 3. d3 Nc6 4. c4 Bc5 5. h3 d6 6. Nc3 0-0 7. a3 Nd4 8. b4 Nxf3+ 9. Qxf3 Bd4 10. Bb2 c6 11. Na4 Bxb2 12. Nxb2 Qb6 13. Na4 Qd4 14. Rc1 b5 15. cxb5 cxb5 16. Nc3 Bd7 17. Qe3 Rfc8 18. Qxd4 exd4 19. Ne2 Rxc1+ 20. Nxc1 a5 21. Nb3 axb4 22. axb4 Ra4 23. Nxd4 Rxb4 24. Nc2 Rb1+ 25. Kd2 b4 26. g4 b3 27. Na3 Ra1 28. Nc4 d5 29. exd5 Nxd5 30. Bg2 Ra2+ 31. Kc1 Rc2+ 32. Kd1 Nc3+ 33. Ke1 Re2+ 34. Kf1 b2 35. Na3 Rd2 36. Be4 Nxe4 37. dxe4 Rd1+ 38. Kg2 Rxh1 39. Kxh1 Be6 40. Kg2 Ba2 41. Kf3 b1Q 42. Nxb1 Bxb1 43. g5 Kf8 44. Kf4 Ke7 45. Ke5 f6+ 46. gxf6+ gxf6+ 47. Kf5 h5 48. f3 Bd3 49. Kg6 Be2 50. Kxh5 Bxf3+ 51. Kh6 Bxe4 52. h4 Ke6 53. Kh5 Ke5 54. Kg4 f5+ 55. Kg3 f4+ 56. Kg4 Bf5+ 57. Kf3 Bg6 58. Kg4 Ke4 0-1

[Event "Cologno Monzese op 27th"]
[Site "Cologno Monzese"]
[Date "2008.10.24"]
[Round "3"]
[White "Barberi, Alessandro"]
[Black "Delle Fave, Fabio"]
[Result "1-0"]
[WhiteElo "2156"]
[BlackElo "1761"]
[PlyCount "67"]
[EventDate "2008.10.17"]
[EventType "swiss"]
[EventRounds "6"]
[EventCountry "ITA"]
[SourceTitle "EXT 2011"]
[Source "ChessBase"]
[SourceDate "2010.11.26"]
[SourceVersion "1"]
[SourceVersionDate "2010.11.26"]
[SourceQuality "1"]

1. d4 Nf6 2. c4 e6 3. Nf3 Bb4+ 4. Nbd2 b6 5. a3 Be7 6. e3 Bb7 7. Bd3 d5 8. b3 Nbd7 9. Qc2 c5 10. Bb2 Qc7 11. 0-0 Bd6 12. e4 dxe4 13. Nxe4 Nxe4 14. Bxe4 Bxe4 15. Qxe4 Rc8 16. d5 0-0 17. dxe6 fxe6 18. Qxe6+ Kh8 19. Rad1 Rxf3 20. Rxd6 Nf8 21. Bxg7+ Qxg7 22. Qxc8 Rxb3 23. Rd7 Qg8 24. Rd8 Kg7 25. Qg4+ Kh8 26. Qf5 Kg7 27. Qe5+ Kf7 28. Qc7+ Kg6 29. Re1 Qf7 30. Qe5 Kh6 31. h4 Ng6 32. Qg5+ Kg7 33. h5 h6 34. Qg4 1-0